| 000 | 01369nam a2200349 a 4500 | ||
|---|---|---|---|
| 001 | 000004184 | ||
| 003 | DO-SdBNP | ||
| 005 | 20250630100924.0 | ||
| 007 | ta | ||
| 008 | 090720s2008 pr ac gr 001 0cspa d | ||
| 020 | _a9789945455052 | ||
| 040 |
_aDO-SdBNP _bspa _cBNPHU |
||
| 082 | 4 |
_a972.93053 _bH565m _222 |
|
| 100 | 1 |
_aHerrera Mora, Myrna _912344 |
|
| 245 | 1 | 0 |
_aMujeres dominicanas, 1930-1961 : _bantitrujillistas y exiliadas en Puerto Rico / _cMyrna Herrera Mora ; Prólogo Jorge Rodríguez Beruff. |
| 260 |
_aPuerto Rico : _bIsla Negra, _c2008. |
||
| 300 |
_a250 p. : _bil., retr., fotogr ; _c23 cm. |
||
| 500 | _aIncluye notas al final de cada capítulo. | ||
| 504 | _aBibliografía : p. 161-179 | ||
| 590 | _aInventariado 2022 / MF | ||
| 650 | 4 |
_aMujeres dominicanas _912345 |
|
| 650 | 0 |
_aFeministas _912346 |
|
| 650 | 4 |
_aExiliados _zRepública Dominicana _912347 |
|
| 650 | 4 |
_aExiliados _zPuerto Rico _93378 |
|
| 650 | 4 |
_aRefugiados políticos _zRepública Dominicana _xHistoria _ySiglo XX _912348 |
|
| 650 | 4 |
_aRefugiados políticos _zPuerto Rico _xHistoria _zSiglo XX _912349 |
|
| 651 | 0 |
_aRepública Dominicana _xHistoria _yEra de Trujillo, 1930-1961 _978796 |
|
| 651 | 4 |
_aRepública Dominicana _xPolítica y gobierno _y1930-1961 _9479 |
|
| 700 | 1 |
_910268 _aRodríguez Beruff, Jorge |
|
| 910 | _aValidado. Control de calidad MMOLINA | ||
| 942 |
_2ddc _cLBS1 |
||
| 999 |
_c3999 _d3999 |
||